Регионална библиотека "Любен Каравелов" - Русе

Застрахователна закрила на ТКЗС (Запис номер 434952)

MARC детайли
000 -Лидер
Контролно поле с фиксирана дължина nam a22 a 4500
003 - Код на организацията, давaща контролен номер
Контролно поле BLK
005 - Дата и час на последна редакция
Контролно поле 20221208031127.0
008 - Елементи от данни с фиксирана дължина
fixed length control field 211028b bu |||||r|||| 00| | bu d
040 ## - Източник на каталожния запис
Идентификатор на билиотеката - собственик на записа BLK
041 ## - Код за език
Код за езика на текст/звукозапис или на отделно заглавие Български
Код за езика КДБФ Български
080 ## - УДК
Текстов определител УДК Социално осигуряване. Застрахователно дело. Вж и 311 ; 334 ; 519
УДК код - определител по УДК 368
УДК - код + определител 368
100 ## - Редна дума - Автор
R(LIN) 327550
Автор Митовски, Здравко Стефанов
Авторска отговорност първи автор
139 ## - Редно поле
Редна дума Митовски, Здравко Стефанов
245 ## - Сведения за заглавието
Заглавие Застрахователна закрила на ТКЗС
Редно поле (дума) Здравко Митовски, Ранчо Ганчев, Димитър Лазаров
260 ## - Област на издателските данни
9 (RLIN) 209440
Място на издаване, разпространение и проч. София
Име на издателя, разпространителя и проч. Земиздат
Година на издаване 1957
300 ## - Физическа характеристика
Страници 102 с.
Размери/Мащаб 25 см
380 ## - Жанр
Жанр Обществени науки
500 ## - Общи забележки
Забележка 1 560 тир.
650 #0 - Допълнително описание по предмет – тема
9 (RLIN) 263985
Основно описание – тема или топоним Застрахователно дело
651 #0 - Допълнително описание по предмет - топоним
9 (RLIN) 241624
Географско понятие България
700 ## - Други автори (авторска отговорност)
Лично име Ганчев, Ранчо
Автороска отговорност (Описва отношението между автора и произведението) съавт.
9 (RLIN) 1445
700 ## - Други автори (авторска отговорност)
Лично име Лазаров, Димитър
Автороска отговорност (Описва отношението между автора и произведението) съавт.
9 (RLIN) 1445
852 ## - Местоположение
Форматна сигнатура Цб 8781
999 ## - СИСТЕМНИ КОНТРОЛНИ НОМЕРА
Koha biblionumber 434952
Koha biblioitemnumber 434952
942 ## - АРТИКУЛИ
Вид на библиотечния материал Книги
Скрит в OPAC Не
Периодичен библиозапис Да
Наличности
Код за отписване Код за изгубен артикул Източник на класификационната схема Код за повреда Коз за рестрикции Код за отдаване Артикулен № Име на библиотеката - собственик Име на библиотеката, в която се намира в момента Статус (Текущо местоположение) Дата на вписване в системата Местоположение - отдел Цена в лева Инвентарен номер Систематично азбучна сигнатура Баркод Цена в евро Служебен тип на артикула
  Не е изгубен Universal Decimal Classification Не е повреден само за читалня ползва се в читалня 859208 Регионална библиотека "Любен Каравелов" Русе Регионална библиотека "Любен Каравелов" Русе Хранилище 2021-10-29 Основен фонд - ползва се само за читалня 0.16 13853/57 Цб 8781 900000081179 0.08 Книги
Vip Innovations Ltd, Rousse, Bulgaria 2025